Đối thoại với các nền văn hóa: Myanma
Gorde:
| Formatua: | Liburua |
|---|---|
| Hizkuntza: | Undetermined |
| Argitaratua: |
Tp. HCM
Trẻ
2003
|
| Gaiak: | |
| Etiketak: |
Etiketa erantsi
Etiketarik gabe, Izan zaitez lehena erregistro honi etiketa jartzen!
|
| Thư viện lưu trữ: | Trung tâm Học liệu Trường Đại học Cần Thơ |
|---|
| LEADER | 00525nam a2200181Ia 4500 | ||
|---|---|---|---|
| 001 | CTU_56647 | ||
| 008 | 210402s9999 xx 000 0 und d | ||
| 020 | |b 15500 | ||
| 082 | |a 959.1 | ||
| 082 | |b Đ452 | ||
| 245 | 0 | |a Đối thoại với các nền văn hóa: Myanma | |
| 245 | 0 | |c Trịnh Duy Hóa biên dịch | |
| 260 | |a Tp. HCM | ||
| 260 | |b Trẻ | ||
| 260 | |c 2003 | ||
| 650 | |a myanmar,myanmar | ||
| 650 | |x social life and customs,civilization | ||
| 980 | |a Trung tâm Học liệu Trường Đại học Cần Thơ | ||